000 00987nam a22003137a 4500
001 0005233
003 KOHA_MİRAKIL
005 20260207001437.0
007 ta
008 090610b1989 tu |||gr||||#||||0|tur |
020 _a0132443449
_c0,01
040 _aTR-BiSEU
_btur
_cTR-BiSEU
_erda
041 0 _atur
044 _ctu
050 _aHF5548
_b.T67 1989
100 1 _aTorrington, Derek.
245 1 _aEffective management :
_bpeople and organisation/
_cDerek Torrington ; D.Torrington, J.Weightman, K.Johns.
264 1 _aNew York :
_bPrentice Hall , [c1989].
_c1989
300 _axiv, 400 sayfa; 21 cm
336 _ametin
_btxt
_2rdacontent
337 _aaracısız
_bn
_2rdamedia
338 _acilt
_bnc
_2rdacarrier
500 _aIncludes bibliographical references and indexes.
650 0 _aPersonel yönetimi.
_91680
650 0 _aSanayi sosyolojisi.
_912556
650 0 _aPersonnel Management.
_95760
650 0 _aIndustrial Sociology.
_912557
942 _2lcc
_cBK
999 _c5215
_d5215